Java 2 certification training guide (Include CD) / (Record no. 179321)
[ view plain ]
| 000 -LEADER | |
|---|---|
| fixed length control field | 00993 a2200229 4500 |
| 003 - CONTROL NUMBER IDENTIFIER | |
| control field | Nust |
| 005 - DATE AND TIME OF LATEST TRANSACTION | |
| control field | 20220815144641.0 |
| 010 ## - LIBRARY OF CONGRESS CONTROL NUMBER | |
| LC control number | 99063309 |
| 020 ## - INTERNATIONAL STANDARD BOOK NUMBER | |
| International Standard Book Number | 1562059505 |
| 040 ## - CATALOGING SOURCE | |
| Transcribing agency | Nust |
| 082 00 - DEWEY DECIMAL CLASSIFICATION NUMBER | |
| Classification number | 005.133,JAW |
| 100 1# - MAIN ENTRY--PERSONAL NAME | |
| Personal name | Jaworski, Jamie. |
| 9 (RLIN) | 97206 |
| 245 10 - TITLE STATEMENT | |
| Title | Java 2 certification training guide (Include CD) / |
| Statement of responsibility, etc. | Jamie Jaworski. |
| 260 ## - PUBLICATION, DISTRIBUTION, ETC. | |
| Place of publication, distribution, etc. | Indianapolis, Ind. : |
| Name of publisher, distributor, etc. | New Riders Pub., |
| Date of publication, distribution, etc. | 1999. |
| 300 ## - PHYSICAL DESCRIPTION | |
| Extent | xix, 612 p. : |
| Other physical details | ill. ; |
| Dimensions | 25 cm. + |
| Accompanying material | 1 computer laser optical disc. |
| 505 ## - FORMATTED CONTENTS NOTE | |
| Formatted contents note | PART-1: Becoming a Sun Certified Java 2 Programmer (Page-9), PART-2: Becoming a Sun Certified Java 2 Architect (Page-387), PART-3: Becoming a Sun Certified Java 2 Developer (Page-549), PART -4: Appendixes (Page-589). |
| 650 #0 - SUBJECT ADDED ENTRY--TOPICAL TERM | |
| Topical term or geographic name entry element | Electronic data processing personnel |
| General subdivision | Certification. |
| 9 (RLIN) | 81704 |
| 650 #0 - SUBJECT ADDED ENTRY--TOPICAL TERM | |
| Topical term or geographic name entry element | Java (Computer program language) |
| 9 (RLIN) | 8017 |
| 650 #0 - SUBJECT ADDED ENTRY--TOPICAL TERM | |
| Topical term or geographic name entry element | Programming languages (Electronic computers) |
| General subdivision | Examinations |
| 9 (RLIN) | 97207 |
| 651 ## - SUBJECT ADDED ENTRY--GEOGRAPHIC NAME | |
| Geographic name | (Include CD) |
| 9 (RLIN) | 8953 |
| 942 ## - ADDED ENTRY ELEMENTS (KOHA) | |
| Source of classification or shelving scheme | |
| Koha item type | Book |
| Call number prefix | 005.133,JAW |
| Withdrawn status | Lost status | Source of classification or shelving scheme | Damaged status | Not for loan | Permanent Location | Current Location | Shelving location | Date acquired | Full call number | Barcode | Date last seen | Price effective from | Koha item type | Public note |
|---|---|---|---|---|---|---|---|---|---|---|---|---|---|---|
| Military College of Signals (MCS) | Military College of Signals (MCS) | General Stacks | 12/12/2016 | 005.133,JAW | MCS28556 | 12/08/2016 | 12/12/2016 | Book | Almirah No.4, Shelf No.6 |
